Hilal April-2011 (Record no. 197714)
[ view plain ]
| 000 -LEADER | |
|---|---|
| fixed length control field | 00747 a2200181 4500 |
| 003 - CONTROL NUMBER IDENTIFIER | |
| control field | Nust |
| 005 - DATE AND TIME OF LATEST TRANSACTION | |
| control field | 20170207154437.0 |
| 040 ## - CATALOGING SOURCE | |
| Transcribing agency | Nust |
| 082 ## - DEWEY DECIMAL CLASSIFICATION NUMBER | |
| Classification number | 050 |
| 100 ## - MAIN ENTRY--PERSONAL NAME | |
| Personal name | Maj Gen Athar Abbas, |
| 245 ## - TITLE STATEMENT | |
| Title | Hilal April-2011 |
| Statement of responsibility, etc. | Maj Gen Athar Abbas, |
| 250 ## - EDITION STATEMENT | |
| Edition statement | 10,Vol 47 |
| 260 ## - PUBLICATION, DISTRIBUTION, ETC. | |
| Place of publication, distribution, etc. | Rawalpindi |
| Name of publisher, distributor, etc. | ISPR |
| Date of publication, distribution, etc. | 2011 |
| 300 ## - PHYSICAL DESCRIPTION | |
| Extent | Urdu 56 English 42 |
| 505 ## - FORMATTED CONTENTS NOTE | |
| Formatted contents note | Future Maps (Page-5) Serious Notes (Page-6) Pak-China Friendship Year (Page-8) Scourge of Terrorism (Page-10) Economic Profile (Page-13) Current Issues (Page-15) Valiant Heroes (Page-22) Health Watch (Page-26) Why Do not Learn from History (Page-28) Miscellanea (Page-30) News Update and Picture Gallery (Page-36) |
| 538 ## - SYSTEM DETAILS NOTE | |
| System details note | Almirah No.137 Shelf No.5 |
| 651 ## - SUBJECT ADDED ENTRY--GEOGRAPHIC NAME | |
| Geographic name | Pakistan Armed Forces Magazine |
| 942 ## - ADDED ENTRY ELEMENTS (KOHA) | |
| Koha item type | |
| Withdrawn status | Lost status | Source of classification or shelving scheme | Damaged status | Not for loan | Collection code | Permanent Location | Current Location | Date acquired | Total Checkouts | Full call number | Barcode | Date last seen | Price effective from | Koha item type |
|---|---|---|---|---|---|---|---|---|---|---|---|---|---|---|
| Military College of Signals (MCS) | Military College of Signals (MCS) | 12/12/2016 | 050 ABB | MCSP-32/46 | 12/08/2016 | 12/12/2016 | Book |
